Biología en contexto II : (Registro nro. 7584)
[ vista simple ]
| 000 -LIDER | |
|---|---|
| fixed length control field | 00771nam a2200241 a 4500 |
| 001 - NÚMERO DE CONTROL | |
| Identificador de número de control | 00003254 |
| 003 - IDENTIFICACDOR DE NÚMERO DE CONTROL | |
| control field | DO-SdBNP |
| 005 - DATE AND TIME OF LATEST TRANSACTION | |
| control field | 20180215123918.0 |
| 007 - CAMPOS FIJOS DE DESCRIPCIÓN FÍSICA | |
| fixed length control field | 00003254 |
| 008 - ELEMENTOS DE LONGITUD FIJA | |
| fixed length control field | 150119s2012 000 spa d |
| 020 ## - ISBN | |
| International Standard Book Number | 9781578377080 |
| 040 ## - FUENTE DE CATALOGACIÓN | |
| Agencia que crea de manera original el registro | BPMET |
| Idioma de catalogación | spa |
| Agencia que realiza la transcripción | BPMET |
| 245 #0 - MENCIÓN DE TITULO | |
| Título | Biología en contexto II : |
| Subtítulo | manual de referencia / |
| 260 ## - PUBLICACIÓN, DISTRIBUCIÓN, ETC. (PIE DE IMPRENTA) | |
| Lugar de publicación, distribución, etc | Texas : |
| Nombre del editor, distribuidor, etc. | Fundación Inicia |
| Fecha de publicación, distribución, etc | 2012. |
| 300 ## - DESCRIPCIÓN FÍSICA | |
| Extensión | 104 p. ; |
| Otros detalles físicos | il. : |
| Dimensiones | 30 cm. |
| 500 ## - NOTA GENERAL | |
| Nota general | Desarrollado por CORD adaptado para el "Proyecto Educación Media Técnica" República Dominicana |
| 710 ## - ASIENTO SECUNDARIO -- NOMBRE CORPORATIVO | |
| Término de relación | CORD Comunications |
| 710 ## - ASIENTO SECUNDARIO -- NOMBRE CORPORATIVO | |
| Término de relación | Fundación Inicia |
| 942 ## - ADDED ENTRY ELEMENTS (KOHA) | |
| Source of classification or shelving scheme | Dewey Decimal Classification |
| Koha item type | Libros |
| 945 ## - INFORMACIÓN DE PROCESAMIENTO LOCAL | |
| Información de procesamiento local | Inventariado / 2018 VM |
| 956 ## - LOCAL ELECTRONIC LOCATION AND ACCESS (OCLC) | |
| Nombre de host | DGARCIA |
| Número de acceso | 10 |
| Información de compresión | 20150119 |
| Inicio de sesión | BND01 |
| Procesador de solicitud | 0937 |
| 956 ## - LOCAL ELECTRONIC LOCATION AND ACCESS (OCLC) | |
| Nombre de host | VMATEO |
| Número de acceso | 10 |
| Información de compresión | 20150327 |
| Inicio de sesión | BND01 |
| Procesador de solicitud | 00151 |
| Withdrawn status | Lost status | Source of classification or shelving scheme | Damaged status | Not for loan | Collection code | Home library | Current library | Date acquired | Total Checkouts | Barcode | Date last seen | Copy number | Price effective from | Koha item type | Source of acquisition |
|---|---|---|---|---|---|---|---|---|---|---|---|---|---|---|---|
| Dewey Decimal Classification | Colección Dominicana | Biblioteca Pública Metropolitana Salomé Ureña | Biblioteca Pública Metropolitana Salomé Ureña | 03/27/2015 | BPMET15040324 | 03/27/2015 | FUNDI | 03/27/2015 | Libros | ||||||
| Dewey Decimal Classification | Biblioteca Pública Metropolitana Salomé Ureña | Biblioteca Pública Metropolitana Salomé Ureña | 05/09/2016 | BPMET16050172 | 05/09/2016 | e. 2 | 05/09/2016 | Libros | FUNDI | ||||||
| Dewey Decimal Classification | Biblioteca Pública Metropolitana Salomé Ureña | Biblioteca Pública Metropolitana Salomé Ureña | 05/09/2016 | BPMET16050173 | 05/09/2016 | e. 3 | 05/09/2016 | Libros | FUNDI |